00254nam a2200109Ia 4500008004100000100001400041245003600055260001700091650001200108942000700120999001700127190216s9999||||xx |||||||||||||| ||und|| aKapur A C 0aPrinciples Of Political Science bS Chand & Co aHistory cBK c19554d19554